Datum a čas kvízu
17.5
Celkem bodů
Celkový počet nahraných bodů na tomto kvízu bez doplňovacích otázek.
10.
Pořadí na kvízu
Konečné umístění týmu na tomto kvízu.
Zaznamenané odpovědi
| # | Otázka | Odpověď | Body | Výsledky |
|---|---|---|---|---|
| 1. | Zlidovělý výraz Andreje Babiše... | 1 | ||
| 2. | "Filosof a revolucionář Karl M... | 1 | ||
| 3. | Americká Akademie filmových um... | 0.5 | ||
| 4. | Desítky nových "hackerů" ročně... | 1 | ||
| 5. | V pátek bylo zahájeno 82. mist... | 0 | ||
| 6. | Košile patří k základním typům... | 1 | ||
| 7. | Dámská obdoba košile se nejčas... | 1 | ||
| 8. | Paramilitární křídlo italských... | 1 | ||
| 9. | Balada Svatební košile je souč... | 0 | ||
| 10. | Polotriko, zkráceně polo, je j... | 1 |